000 04045nab a22006857 4500
003 AR-RoUNA
022 _a0327-9022
040 _aAR-RoUNA
_bspa
041 _aspa
044 _aag
245 _aSumma+ /
_bCultura, Educación y Deporte
260 _aBuenos Aires (Argentina):
_cDonn SA,
_b1993.
300 _a144 p. :
_bil. byn.
_bplanos
_c34X25 cm.
505 0 _tINDICE
505 0 _aFernando Diez y Martín Di Peco / Los tiempos de la cultura. p. 1
505 0 _tCARTELERA
505 0 _aMartín Di Peco / Lo cultural al borde de lo natural. p. 8
505 0 _aKenneth Frampton / El Whitney de piano. p. 10
505 0 _aRenzo Piano Building Workshop / The Whitney Museum of American ART at Gansevoort, Nueva York, Estados Unidos, 2015. p. 16
505 0 _aRuth Verde Zein / Vehículos de la cultura. p. 22
505 0 _aPaulo Mendes Da Rocha, MMBB, Bak Gordon arqs, Afaconsult / Museo Nacional Dos Coches, Belém, Lisboa, 2015. p. 30
505 0 _tNAVE ZARPADA
505 0 _aFrank Gehry + Partners / Fundación Louis Vuitton, París, Francia, 2014. p. 37
505 0 _tEL CAMPUS EN LA CIUDAD
505 0 _aValeria Matayshi / Ciudad (Universitaria) dentro de la ciudad. p. 44
505 0 _tMANTO TRANSLÚCIDO
505 0 _aFelipe Assadi, Francisca Pulido / Facultad de Ciencias Económicas y Administrativas, Universidad Austral de Chile, Valdivia, Chile, 2014. p. 48
505 0 _tMASA VERSUS TRANSPARENCIA
505 0 _aLlosa I Cortegana / Biblioteca de ciencias, ingeniería y arquitectura PUCP, San Miguel, Pontificia Universidad Católica del Perú, Lima, Perú, 2014. p. 59
505 0 _tFÁBRICA DE CONOCIMIENTO
505 0 _aGerardo Caballero, Maite Fernández / Escuela de Ingenieria Electrónica, Ingeniería Civil, Auditorio CUR, Aulas Comunes / Primera Etapa / Ciudad Universitaria, Rosario, Provincia de Santa Fe, Argentina, 2013.p. 63
505 0 _tENVOLVENTES PERMEABLES, Constanza Chiozza e Inés Molinari. p. 66
505 0 _tUNA VISIÓN PARA MÄE LUIZA
505 0 _aHerzog & De Meuron / Arena Do Morro, Gimnasio Polideportivo, Escuela Estatal Dinarte Mariz, Mäe Luiza, Natal, Brasil, 2014. p. 68
505 0 _tENVOLVER INTER-CALANDO
505 0 _aEstudio Demarchisalcedo + Barigelli & Asoc / Polideportivo B´ Provincias Unidas, Calle Islas Malvinas, Río Mocoretá, Barrio Provincias Unidas, Neuquén, Argentina, 2013. p. 76
505 0 _tCONSTRUIR EL PAISAJE
505 0 _aKim In-Cheurl+Archium Khmeresque / 356 Bata,bang, Camboya, 2012. p. 82
505 0 _aRoberto Fernández / Danza con Lobos, a propósito del mar. p. 88
505 0 _aMonoblock / Museo de Arte contemporáneo de Mar del Plata (Mar), Mar del Plara, Provincia de Buenos Aires, Argentina, 2014. p. 92
505 0 _aPatricia Tetzlaff / Expo Milán 2015: Nutrire Il Pianeta, Energia Per la Vita. p. 98
505 0 _aCristian Undurraga / Pabellón de Chile, Milán, Italia, 2015. p. 102
505 0 _aHerzog & De Meuron / ¨Slow Food Pavillion¨, Milán, Italia, 2015. p. 107
505 0 _aWolfgang Buttress / ¨La Colmena¨, Milán, Italia, 2015. p. 109
505 0 _aFernando Diez / César Pelli coloca el tercer elemento. p. 110
505 0 _tFRAGMENTOS - APARICIONES
505 0 _aMercedes Peralta / Cosmo. Materializar el discurso. p. 118
505 0 _aRuth Verde Zein / Turistas y Peregrinos en Casas Icónicas. p. 120
505 0 _aRafael E.J. Iglesia / De Heidegger a Borges, pasando por Angualasto. p. 122
505 0 _aMario Sabugo / Sorondo en algarrobo. p. 124
505 0 _aIgnacio Ros de Olano / El valle del Baztán en papel. p. 126
505 0 _aRoberto Fernández / La negación del presente. p. 127
505 0 _aGermán Valenzuela Buccolini / Experimento y Crítica en la formación del arquitecto. p. 128
650 _2Arquitectura conteporánea
773 0 _aSumma+
_dBuenos Aires, Argentina
_gNº146 (oct, 2015), p. 128
_x0327-9022
908 _aImp
942 _2udc
_cART
945 _d2022-07-08
980 _6138
_aCarolina Rainero
_8138
_gCarolina Rainero
999 _c12300
_d12300